000 00238nam a2200097Ia 4500
001 729994
005 20250826163706.0
008 250824s9999 xx 000 0 und d
245 0 _aBAMBAŞKA
_cKAHRAMAN TAZEOĞLU
260 _bDESTEK YAYINLARI
999 _c729994
_d729994